Discurso del método (Record no. 55566)

MARC details
000 -LEADER
campo de control de longitud fija 00595nam a2200181 i 4500
001 - NÚMERO DE CONTROL
campo de control 55566
003 - IDENTIFICADOR DE NÚMERO DE CONTROL
campo de control ES-MaACL
005 - FECHA Y HORA DE LA ÚLTIMA TRANSACCIÓN
campo de control 20250703063102.0
007 - CAMPO FIJO DE DESCRIPCIÓN FÍSICA--INFORMACIÓN GENERAL
campo de control de longitud fija t|
008 - DATOS DE LONGITUD FIJA--INFORMACIÓN GENERAL
campo de control de longitud fija 030923s1965 ag ||||1| spa d
100 1# - ENTRADA PRINCIPAL--NOMBRE DE PERSONA
Nombre de persona Descartes, René,
Fechas asociadas al nombre 1596-1650
9 (RLIN) 43838
245 10 - MENCIÓN DEL TÍTULO
Título Discurso del método
Resto del título : meditaciones metafísicas /
Mención de responsabilidad, etc. René Descartes ; [versión castellana por Manuel Machado].
260 ## - PUBLICACIÓN, DISTRIBUCIÓN, ETC.
Lugar de publicación, distribución, etc. Buenos Aires :
Nombre del editor, distribuidor, etc. Schapire,
Fecha de publicación, distribución, etc. [1965]
300 ## - DESCRIPCIÓN FÍSICA
Extensión 124 p. ;
Dimensiones 24 cm.
700 1# - ENTRADA AGREGADA--NOMBRE PERSONAL
Nombre de persona Machado, Manuel,
Fechas asociadas al nombre 1874-1947
9 (RLIN) 75161
852 ## - LOCALIZACIÓN
Ubicación ES-MaACL
Número de control de estantería G-2021
Sublocalización o colección R.66163
Holdings
Estatus retirado Estado de pérdida Estado de daño No para préstamo Biblioteca de origen Biblioteca actual Ubicación en estantería Fecha de adquisición Fuente de adquisición Total de préstamos Signatura topográfica completa Código de barras Visto por última vez Precio de reemplazo Tipo de ítem Koha
        Biblioteca del Ateneo de Madrid Biblioteca del Ateneo de Madrid Depósito 2 17/01/2008     G-2021 1058375 23/02/2023 23/02/2023 Libro impreso